| 000 | 00730nam a2200193Ia 4500 | ||
|---|---|---|---|
| 008 | 190511s9999 xx 000 0 und d | ||
| 100 | _aBuck, Benjamin | ||
| 245 | 4 | _aThe bias toward intentionality in schizophrenia: Automaticity, context, and relationship to symptoms and functioning / | |
| 245 | _cBenjamin Buck, Neil R. Hester, Amy Pinkham, Philip D. Harvey, L. Fredrik Jarskog, and David L. Penn.-- | ||
| 260 | _bAmerican Psychological Association | ||
| 260 | _c2018 | ||
| 300 | _aPages 503-512, July 2018 | ||
| 440 |
_aJournal of Abnormal Psychology _v127(5) |
||
| 650 | _aFunctioning | ||
| 650 | _aPsychometrics | ||
| 650 | _aSchizophrenia | ||
| 650 | _aSocial cognition | ||
| 856 | _uwww.apa.org/pubs/journals/abn | ||
| 999 |
_c361846 _d361846 |
||